000 01039cam a2200325 a 4500
001 14080
003 BD-JhCC
005 20240919112057.0
008 000410s2001 maua 001 0 eng
020 _a0312247362
020 _a0312247367 (Suppl.)
035 _a(BD-JhCC)14080
040 _aDLC
_cDLC
_dDLC
041 _aeng
050 0 0 _aPE1417
_b.P36 2001
082 0 0 _a808.0427
_221
_bKIR 2001
100 _aKirszner,Laurie G.
245 0 0 _aPatterns for college writing :
_ba rhetorical reader and guide /
_cLaurie G. Kirszner, Stephen R. Mandell.
250 _a8th ed.
260 _aBoston :
_bBedford/St. Martin's,
_c2001.
300 _axxxiii, 713 p. :
_bill. ;
_c24 cm.
500 _aAccompanied by supplement 'Resources for instructors ...' (xviii, 169 p.)
500 _aIncludes index.
650 0 _aCollege readers.
650 0 _aEnglish language
_xRhetoric
_vProblems, exercises, etc.
650 0 _aReport writing
_vProblems, exercises, etc.
700 1 _aMandell, Stephen R.
942 _2ddc
_cBK
999 _c14080
_d14080